00702 2200169 4500001002100000005001500021035002000036245020100056100002000257300005300277856002800330700009100358260003900449082001000488084001600498020001800514INLIS00000000114727520260225102008 a0010-02260008951 aAPLIKASI KONSEP & TEORI KEPERAWATAN MATERNITAS POSTPARTUM DENGAN KEMATIAN JANIN /cPenulis ; Diyan Indriyani, Editor ; Rose Kusumaning Ratri, Proofreader ; Nurhid, Desain Cover ; TriAT, Desain Isi0 aDiyan Indriyani a192 halaman :bIlustrasi ;c14,8 x 21 cmeKertas aPerpustakaan Keliling 10 aEditor ; Rose Kusumaning Ratri, Proofreader ; Nurhid, Desain Cover ; TriAT, Desain Isi aYogyakarta :bAr-Ruzz Media,c2024 a613.5 a613.5 DIY a a9786027874022